000 01390nam a2200373Ia 4500
001 ebr10662903
003 CaPaEBR
006 m u
007 cr cn|||||||||
008 090724s2009 nyua sb 001 0 eng d
010 _z 2009030673
020 _z1608761908 (hardcover)
020 _z9781608761906 (hardcover)
020 _z9781612094069
040 _aCaPaEBR
_cCaPaEBR
035 _a(OCoLC)699510415
050 1 4 _aRC931.O73
_bF36 2009eb
082 0 4 _a616.7/16042
_222
245 0 0 _aFamily history of osteoporosis
_h[electronic resource] /
_cAfrooz Afghani, editor.
260 _aNew York :
_bNova Science Publishers,
_cc2009.
300 _axi, 77 p. :
_bill.
490 1 _aPublic health in the 21st century series
504 _aIncludes bibliographical references and index.
533 _aElectronic reproduction.
_bPalo Alto, Calif. :
_cebrary,
_d2013.
_nAvailable via World Wide Web.
_nAccess may be limited to ebrary affiliated libraries.
650 0 _aOsteoporosis
_xGenetic aspects.
650 0 _aBones
_xSize.
650 0 _aPhenotype.
650 0 _aHeredity.
655 7 _aElectronic books.
_2local
700 1 _aAfghani, Afrooz.
710 2 _aebrary, Inc.
830 0 _aPublic health in the 21st century series.
856 4 0 _uhttp://site.ebrary.com/lib/rucke/Doc?id=10662903
_zAn electronic book accessible through the World Wide Web; click to view
999 _c70987
_d70987